Školiace a vzdelávacie centrum, Modra - Interiér

Na minha lista:
Detalhes bibliográficos
Autor principal: Nováková, Katarína (Author)
Outros Autores: Daniel, Peter (Thesis advisor)
Formato: Manuscrito Livro
Idioma:eslovaco
Publicado em: 2025
Assuntos:
Acesso em linha:http://is.stuba.sk/zp/portal_zp.pl?podrobnosti=185667
Tags: Adicionar Tag
Sem tags, seja o primeiro a adicionar uma tag!

MARC

LEADER 00000ntm a22000003a 4500
001 stuzp104725
003 SK-STU
005 20250607210746.2
007 ta
008 150427s2015----xo-----f-mn---000-0-slo-d
040 |a STU  |b slo 
041 0 |a slo 
100 1 |a Nováková, Katarína  |u 055150  |4 aut  |U FAD Fakulta architektúry a dizajnu  |T FAD Ústav interiéru a výstavníctva  |X 128625  |U A5150  |Y 396  |7 128625 
242 0 1 |a Training and Education Center, Modra - Interior  |y eng 
245 1 0 |a Školiace a vzdelávacie centrum, Modra - Interiér 
260 |c 2025 
650 4 |a interior  |2 eng 
650 4 |a design  |2 eng 
650 4 |a adaptation  |2 eng 
650 4 |a revitalisation  |2 eng 
650 4 |a educational centre  |2 eng 
650 4 |a interiér  |2 slo 
650 4 |a dizajn  |2 slo 
650 4 |a adaptácia  |2 slo 
650 4 |a revitalizácia  |2 slo 
650 4 |a školiace centrum  |2 slo 
700 1 |a Daniel, Peter  |u 055150  |k Z1  |4 ths  |U FAD Fakulta architektúry a dizajnu  |T FAD Ústav interiéru a výstavníctva  |X 388  |U A5150  |Y 396  |7 A000000388 
856 4 |u http://is.stuba.sk/zp/portal_zp.pl?podrobnosti=185667